Epidemics and plagues / (Record no. 5727)

MARC details
000 -LEADER
fixed length control field 00856nam a22002657a 4500
001 - CONTROL NUMBER
control field 5727
003 - CONTROL NUMBER IDENTIFIER
control field FISKH
005 - DATE AND TIME OF LATEST TRANSACTION
control field 20250116161241.0
008 - FIXED-LENGTH DATA ELEMENTS--GENERAL INFORMATION
fixed length control field 250116b cb ||||| |||| 00| 0 eng d
020 ## - INTERNATIONAL STANDARD BOOK NUMBER
International Standard Book Number 9780753461815
040 ## - CATALOGING SOURCE
Original cataloging agency FISKH
Language of cataloging eng
Transcribing agency FISKH
Modifying agency FISKH
050 ## - LIBRARY OF CONGRESS CALL NUMBER
Classification number RA653.W35
082 ## - DEWEY DECIMAL CLASSIFICATION NUMBER
Classification number 614.4
100 ## - MAIN ENTRY--PERSONAL NAME
Personal name Walker, Richard
245 ## - TITLE STATEMENT
Title Epidemics and plagues /
Statement of responsibility, etc. by Richard Walker
250 ## - EDITION STATEMENT
Edition statement First published in hardcover in 2006
260 ## - PUBLICATION, DISTRIBUTION, ETC.
Place of publication, distribution, etc. Boston :
Name of publisher, distributor, etc. Kingfisher ;
Date of publication, distribution, etc. 2006.
300 ## - PHYSICAL DESCRIPTION
Extent 63 pages :
Other physical details color illustrations ;
Dimensions 28 cm .
490 ## - SERIES STATEMENT
Series statement Kingfisher Knowledge
520 ## - SUMMARY, ETC.
Summary, etc. "Explores the killer diseases that have terrified populations throughout history and around the world"--P. [4] of cover.
650 ## - SUBJECT ADDED ENTRY--TOPICAL TERM
Topical term or geographic name entry element Epidemics
Form subdivision Juvenile literature
700 ## - ADDED ENTRY--PERSONAL NAME
Personal name Grady, Denise
Relator term author
942 ## - ADDED ENTRY ELEMENTS (KOHA)
Source of classification or shelving scheme Dewey Decimal Classification
Koha item type Books
Suppress in OPAC No
Holdings
Withdrawn status Lost status Source of classification or shelving scheme Damaged status Not for loan Collection Home library Current library Shelving location Date acquired Total Checkouts Full call number Barcode Date last seen Price effective from Koha item type
    Dewey Decimal Classification     Non-Fiction Footprints International School Library Network Toul Kork Campus Footprints International School Library Network Toul Kork Campus TTP Secondary Non-Fiction Bookshelves 01/16/2025   WAL 614.4 RA653.W35 FISSE01165 01/16/2025 01/16/2025 Books